A filozófus és a város Vajda Mihály közösségei /
Elmentve itt :
| Szerző: | |
|---|---|
| Testületi szerző: | |
| Dokumentumtípus: | Könyv része |
| Megjelent: |
2019
|
| Sorozat: | Lábjegyzetek Platónhoz
17 A polisz 17 |
| Kulcsszavak: | Filozófia |
| Tárgyszavak: | |
| Online Access: | http://acta.bibl.u-szeged.hu/65567 |
| LEADER | 00814naa a2200229 i 4500 | ||
|---|---|---|---|
| 001 | acta65567 | ||
| 005 | 20220107110552.0 | ||
| 008 | 200313s2019 hu o 0|| hun d | ||
| 020 | |a 978-615-5727-02-3 | ||
| 040 | |a SZTE Egyetemi Kiadványok Repozitórium |b hun | ||
| 041 | |a hun | ||
| 100 | 1 | |a Valastyán Tamás | |
| 245 | 1 | 2 | |a A filozófus és a város |h [elektronikus dokumentum] : |b Vajda Mihály közösségei / |c Valastyán Tamás |
| 260 | |c 2019 | ||
| 300 | |a 275-283 | ||
| 490 | 0 | |a Lábjegyzetek Platónhoz |v 17 | |
| 490 | 0 | |a A polisz |v 17 | |
| 650 | 4 | |a Bölcsészettudományok | |
| 650 | 4 | |a Filozófia, etika és vallástudományok | |
| 695 | |a Filozófia | ||
| 710 | |a Lábjegyzetek Platónhoz : A polisz (2018) (Szeged) | ||
| 856 | 4 | 0 | |u http://acta.bibl.u-szeged.hu/65567/1/platonhoz_017_275-283.pdf |z Dokumentum-elérés |